00752nai a2200181Ia 4500003000900000008004100009022002300050040001600073245004800089260008600137310001400223362002500237521006900262650005800331650004700389650004400436856009000480IN-BaIIA211028c9999 xx s 000 0 eng d a1548-0992 (Online) cIIA Library 0aIEEE Latin America Transactionsh[eJournal] aNew York, USAbThe Institute of Electrical and Electronics Engineers, Inc. (IEEE) aQuarterly a1(1); 2003 - Present bSubscribed through National Knowledge Resource Consortium (NKRC) a Communication, Networking and Broadcast Technologies a Components, Circuits, Devices and Systems aPower, Energy and Industry Applications uhttps://ieeexplore.ieee.org/servlet/opac?punumber=9907yClick Here to Access eJournal